<?xml version="1.0" encoding="UTF-8"?>
<record
    xmlns:xsi="http://www.w3.org/2001/XMLSchema-instance"
    xsi:schemaLocation="http://www.loc.gov/MARC21/slim http://www.loc.gov/standards/marcxml/schema/MARC21slim.xsd"
    xmlns="http://www.loc.gov/MARC21/slim">

  <leader>00908nam a22002177a 4500</leader>
  <datafield tag="999" ind1=" " ind2=" ">
    <subfield code="c">10780</subfield>
    <subfield code="d">10780</subfield>
  </datafield>
  <controlfield tag="003">FranzMayer</controlfield>
  <controlfield tag="005">20190828133321.0</controlfield>
  <controlfield tag="008">190828b           ||||| |||| 00| 0 eng d</controlfield>
  <datafield tag="040" ind1=" " ind2=" ">
    <subfield code="c">Franz</subfield>
  </datafield>
  <datafield tag="100" ind1=" " ind2=" ">
    <subfield code="a">Engel, Ludovico</subfield>
    <subfield code="9">28343</subfield>
  </datafield>
  <datafield tag="245" ind1=" " ind2=" ">
    <subfield code="a">Collegium Universi Juris Canonici /</subfield>
    <subfield code="c">auctore P. Ludovico Engel; annotationes Caspari Barthel.</subfield>
  </datafield>
  <datafield tag="260" ind1=" " ind2=" ">
    <subfield code="a">Baglioni (Venecia, Italia):</subfield>
    <subfield code="c">1760.</subfield>
  </datafield>
  <datafield tag="300" ind1=" " ind2=" ">
    <subfield code="a">1 v. (en varias paginaciones);</subfield>
    <subfield code="c">37 x 23 cm.</subfield>
  </datafield>
  <datafield tag="500" ind1=" " ind2=" ">
    <subfield code="a">Estado f&#xED;sico: en mal estado. Se encuentra en el &#xC1;rea de Restauraci&#xF3;n.</subfield>
  </datafield>
  <datafield tag="650" ind1=" " ind2=" ">
    <subfield code="a">Corpus iuris canonici</subfield>
    <subfield code="x">Decretales  </subfield>
    <subfield code="y">Obras anteriores a 1800 </subfield>
    <subfield code="9">28344</subfield>
  </datafield>
  <datafield tag="650" ind1=" " ind2=" ">
    <subfield code="a">Monacato y &#xF3;rdenes religiosas (Derecho can&#xF3;nico) </subfield>
    <subfield code="y">Obras anteriores a 1800 </subfield>
    <subfield code="9">28345</subfield>
  </datafield>
  <datafield tag="650" ind1=" " ind2=" ">
    <subfield code="a">Sacerdotes </subfield>
    <subfield code="y">Obras anteriores a 1800</subfield>
    <subfield code="9">28346</subfield>
  </datafield>
  <datafield tag="650" ind1=" " ind2=" ">
    <subfield code="a">Derecho can&#xF3;nico </subfield>
    <subfield code="y">Obras anteriores a 1800</subfield>
    <subfield code="9">22085</subfield>
  </datafield>
  <datafield tag="700" ind1=" " ind2=" ">
    <subfield code="a">Barthel, Caspari</subfield>
    <subfield code="9">28347</subfield>
  </datafield>
  <datafield tag="942" ind1=" " ind2=" ">
    <subfield code="2">lcc</subfield>
    <subfield code="c">B</subfield>
  </datafield>
  <datafield tag="952" ind1=" " ind2=" ">
    <subfield code="0">0</subfield>
    <subfield code="1">0</subfield>
    <subfield code="2">lcc</subfield>
    <subfield code="4">0</subfield>
    <subfield code="7">0</subfield>
    <subfield code="8">LAR</subfield>
    <subfield code="a">BRCA</subfield>
    <subfield code="b">BRCA</subfield>
    <subfield code="d">2019-08-28</subfield>
    <subfield code="i">S/N</subfield>
    <subfield code="l">0</subfield>
    <subfield code="r">2019-08-28 00:00:00</subfield>
    <subfield code="w">2019-08-28</subfield>
    <subfield code="y">B</subfield>
  </datafield>
</record>
